Thailand and the Chrisitian Faith (Record no. 520)
[ view plain ]
| 000 -LEADER | |
|---|---|
| fixed length control field | 00617nam a2200241 a 4500 |
| 020 ## - INTERNATIONAL STANDARD BOOK NUMBER | |
| ISBN | |
| 082 00 - DEWEY DECIMAL CLASSIFICATION NUMBER | |
| Classification number | 275.93 |
| Author Cutter | WEL |
| 100 ## - MAIN ENTRY--AUTHOR NAME | |
| Author name | Wells, K E |
| 245 ## - TITLE STATEMENT | |
| Title | Thailand and the Chrisitian Faith |
| 260 ## - PUBLICATION, DISTRIBUTION, ETC. (IMPRINT) | |
| Place of publication | Thailand |
| Name of publisher | Dept.Of Christian Education and Literatu |
| Year of publication | 1968 |
| 300 ## - PHYSICAL DESCRIPTION | |
| Number of Pages | 8p |
| 500 ## - GENERAL NOTE | |
| General note | includes index and biblioraphy |
| 505 2# - FORMATTED CONTENTS NOTE | |
| Formatted contents note | light of islam series no.4 |
| 650 ## - SUBJECT ADDED ENTRY--TOPICAL TERM | |
| Topical Term | Christianity-Thailand |
| 942 ## - ADDED ENTRY ELEMENTS (KOHA) | |
| Koha item type | Books |
| 700 1# - | |
| -- | Wells, K E |
| Collection code | Home library | Current library | Date acquired | Cost, normal purchase price | Full call number | Accession Number | Koha item type |
|---|---|---|---|---|---|---|---|
| Henry Martyn Institute Library | Henry Martyn Institute Library | 07/19/2007 | 100.00 | 275.93 WEL | 03483 | Books |
